00482nam a22001577a 450000500170000002000250001708200060004210000180004824500620006626000400012827000480016830000320021649000390024850000190028770000180030620120119113250.0 a9788124323335c55.00 aS aJoshi, Yogesh aKrishna 7 /cby Yogesh Joshi; illustrated by Ankur Suchak aMumbaibNavneet Publications,c200? aBhavani Shankar Road, DadarbMumbaie400028 a40pbill (col)c24 cm (Pbk) aClassic literature for childrenv7 aset of 8 books aSuchak, Ankur